ბათუმის შოთა რუსთაველის სახელმწიფო უნივერსიტეტის ბიბლიოთეკა

Land of the (ბიბ.ჩანაწერი № 45113)

000 -LEADER
fixed length control field 00403nam a2200193Ia 4500
001 - CONTROL NUMBER
control field 11936
003 - CONTROL NUMBER IDENTIFIER
control field GE_BSU
008 - FIXED-LENGTH DATA ELEMENTS--GENERAL INFORMATION
fixed length control field 181216s||||||||xx |||||||||||||| ||und||
040 ## - CATALOGING SOURCE
Transcribing agency GE_BSU
080 ## - UNIVERSAL DECIMAL CLASSIFICATION NUMBER
Universal Decimal Classification number 821.111-314
100 ## - MAIN ENTRY--PERSONAL NAME
Personal name French,Nicci
245 ## - TITLE STATEMENT
Title Land of the
260 ## - PUBLICATION, DISTRIBUTION, ETC.
Place of publication, distribution, etc. London
260 ## - PUBLICATION, DISTRIBUTION, ETC.
Name of publisher, distributor, etc. Penguin Books.
260 ## - PUBLICATION, DISTRIBUTION, ETC.
Date of publication, distribution, etc. 2002.
300 ## - PHYSICAL DESCRIPTION
Extent 309p;18cm.
653 ## - INDEX TERM--UNCONTROLLED
Uncontrolled term Land of the
942 ## - ADDED ENTRY ELEMENTS (KOHA)
Koha item type წიგნი
ეგზემპლარები
Withdrawn status Lost status Damaged status Not for loan Date acquired Barcode Date last seen Price effective from Koha item type
        2018-12-17 35573 2018-12-17 2018-12-17 წიგნი